000 00572nam a2200181 i 4500
001 60087
003 ES-MaACL
005 20230906164143.0
007 t|
008 031103s1979 sp ||||1| spa d
245 0 0 _aEspaña en el pensamiento político de Hasán II.
260 _a[Madrid] :
_bEmbajada de Marruecos,
_c[1979]
300 _a64 p., lám. ;
_c31 cm.
651 0 _aMarruecos-
_xRelaciones-
_zEspaña.
_99034
700 0 _aHasán
_bII,
_cRey de Marruecos (
_d1929-1999)
_9172011
710 1 _aMarruecos.
_bEmbajada (España)
_95650
852 _aES-MaACL
_jA-10081
999 _c60087
_d60087